IFM Opac

Frak Wood`s Business Accounting 1 (Record no. 22157)

MARC details
000 -LEADER
fixed length control field 00342nam a22001457a 4500
020 ## - INTERNATIONAL STANDARD BOOK NUMBER
ISBN 978-1-292-20862-6
082 ## - DEWEY DECIMAL CLASSIFICATION NUMBER
Classification number 657
100 ## - MAIN ENTRY--AUTHOR NAME
Personal name Sangster, Alan
245 ## - TITLE STATEMENT
Title Frak Wood`s Business Accounting 1
250 ## - EDITION STATEMENT
Edition statement 14th
260 ## - PUBLICATION, DISTRIBUTION, ETC. (IMPRINT)
Place of publication Harlow:
Name of publisher Pearson,
Year of publication 2019
300 ## - PHYSICAL DESCRIPTION
Number of Pages xxii, 780p.: ill,; 25cm
700 ## - ADDED ENTRY--PERSONAL NAME
Personal name Gordon, Lewis
942 ## - ADDED ENTRY ELEMENTS (KOHA)
Koha item type Books
Holdings
Withdrawn status Lost status Damaged status Not for loan Collection code Permanent Location Current Location Shelving location Date acquired Source of acquisition Full call number Accession Number Price effective from Koha item type
        Non-fiction IFM Main Campus Library IFM Main Campus Library Work Room processing 01/14/2026 Purchased 657 SAN 0000030914 01/14/2026 Books
        Non-fiction IFM Main Campus Library IFM Main Campus Library Work Room processing 01/14/2026 Purchased 657 SAN 0000030913 01/14/2026 Books
        Non-fiction IFM Main Campus Library IFM Main Campus Library Work Room processing 01/14/2026 Purchased 657 SAN 0000030912 01/14/2026 Books